|
|
|
|
| LEADER |
00574nam a22001457a 4500 |
| 074 |
|
|
|a 2360
|
| 082 |
|
|
|a 301.44 SAR'80
|
| 100 |
|
|
|a Saradamoni,K
|9 990
|
| 245 |
|
|
|a Emergence of a slave caste
|b : pulayas of Kerala
|
| 260 |
|
|
|a New Delhi
|b People's publishing house
|c 1980
|
| 300 |
|
|
|a xiii,259p.
|
| 500 |
|
|
|a include bibliographical reference
|
| 653 |
|
|
|a Political science
|a slavery abolition
|a social and political rights
|a pulayas of Kerala
|
| 999 |
|
|
|c 1597
|d 1597
|
| 952 |
|
|
|0 0
|1 0
|2 udc
|4 0
|6 30144_SAR80
|7 0
|9 2169
|a NUALS
|b NUALS
|d 2009-11-02
|l 0
|o 301.44 SAR'80
|p 2360
|r 2009-11-02
|t 1
|w 2009-11-02
|y VRK
|